MotoGP Fahrer 2023 - Statistiken

Allgemein
  • Dieses Quiz wurde 11 mal gespielt
  • Das Durchschnittsergebnis liegt bei 25 aus 37
Antwortstatistiken
Team Nummer Marke Nation Fahrer % Korrekt
Aprilia Racing 41 Aprilia Spanien Aleix Espargaro
91%
Gresini Racing MotoGP(19) 73 Ducati Spanien Alex Marquez
91%
Red Bull KTM Factory Racing 33 KTM Südafrika Brad Binder
91%
Ducati Lenovo Team 1 Ducati Italien Francesco Bagnaia
91%
Prima Pramac Racing 5 Ducati Frankreich Johan Zarco
91%
Prima Pramac Racing 89 Ducati Spanien Jorge Martin
91%
Repsol Honda Team(16) 93 Honda Spanien Marc Marquez
91%
GasGas Factory Racing Tech3(13) 44 KTM Spanien Pol Espargaro
91%
LCR Honda Castrol(10) 42 Honda Spanien Alex Rins
82%
GasGas Factory Racing Tech3 37 KTM Spanien Augusto Fernandez
82%
Red Bull KTM Factory Racing 43 KTM Australien Jack Miller
82%
Repsol Honda Team(18) 36 Honda Spanien Joan Mir
82%
Mooney VR46 Racing Team 72 Ducati Italien Marco Bezzecchi
82%
Aprilia Racing 12 Aprilia Spanien Maverick Vinales
82%
CryptoData RNF MotoGP Team 25 Aprilia Spanien Raul Fernandez
82%
LCR Honda Castrol(3) 6 Honda Deutschland Stefan Bradl
82%
Repsol Honda Team(1) 6 Honda Deutschland Stefan Bradl
82%
HRC Team(2) 6 Honda Deutschland Stefan Bradl
82%
Ducati Lenovo Team(14) 23 Ducati Italien Enea Bastianini
73%
CryptoData RNF MotoGP Team(17) 88 Aprilia Portugal Miguel Oliveira
73%
Yamalube RS4GP Racing Team(1) 35 Yamaha Großbritannien Cal Crutchlow
64%
Monster Energy Yamaha MotoGP 20 Yamaha Frankreich Fabio Quartararo
64%
Monster Energy Yamaha MotoGP 21 Yamaha Italien Franco Morbidelli
64%
Mooney VR46 Racing Team(19) 10 Ducati Italien Luca Marini
64%
Gresini Racing MotoGP 49 Ducati Italien Fabio Di Giannantonio
55%
GasGas Factory Racing Tech3(6) 94 KTM Deutschland Jonas Folger
55%
Aprilia Racing(3) 32 Aprilia Italien Lorenzo Savadori
55%
CryptoData RNF MotoGP Team(2) 32 Aprilia Italien Lorenzo Savadori
55%
Ducati Lenovo Team(3) 51 Ducati Italien Michele Pirro
55%
Aruba.it Racing(2) 51 Ducati Italien Michele Pirro
55%
Aruba.it Racing(1) 19 Ducati Spanien Alvaro Bautista
45%
Red Bull KTM Factory Racing(2) 26 KTM Spanien Dani Pedrosa
45%
LCR Honda Castrol 30 Honda Japan Takaaki Nakagami
45%
LCR Honda Castrol(5) 27 Honda Spanien Iker Lecuona
36%
Repsol Honda Team(2) 27 Honda Spanien Iker Lecuona
36%
Ducati Lenovo Team(1) 9 Ducati Italien Danilo Petrucci
18%
LCR Honda Castrol(1) 7 Honda Japan Takumi Takahashi
0%
Keine übereinstimmenden Quizze gefunden
Verteilung der Resultate
Anzahl Personen mit jedem Resultat
Perzentil nach korrekt beantworteten Fragen
Ihre Resultats-Entwicklung
Sie haben dieses Quiz noch nicht gespielt